01330pam a2200361 i 4500999001700000001001000017003000300027005001700030008004100047015001900088016001800107020002700125035002100152035001800173040004800191082001900239100004600258245006700304264005200371300004600423336002100469336002800490337002500518338002300543500003200566504006700598650005600665650003600721650003000757653002500787942001200812952014400824 c27077d27049016611899Uk20201128024404.0140114r20142011nyua b 001|0 eng d aGBB4101392bnb7 a0166118992Uk a9780199360598 (pbk.) : a(UkOxU)019676267 a(Uk)016611899 aStDuBDSbengcStDuBDSdUkOxUdEG-ScBUEerda04a174.4223bROS1 aRose, David C.q(David Charles),eauthor.14aThe moral foundation of economic behavior /cby David C. Rose. 1aNew York, NY :bOxford University Press,c2011. axiii, 269 pages :billustrations ;c24 cm atext2rdacontent astill image2rdacontent aunmediated2rdamedia avolume2rdacarrier aOriginally published: 2011. aIncludes bibliographical references (pages 241-253) and index. 7aEconomicsxMoral and ethical aspects.9302852BUEsh 7aTrustxEconomic aspects.2BUEsh 7aCooperation.916422BUEsh bBUSECOcFebruary2019 2ddccBB 00102ddc40708BaccahaMAINbMAINcLOWd2019-02-03ePurchaseg187.00h21201l0o174.4 ROSp000044123r2025-07-15 00:00:00w2019-02-03yBB